<?xml version="1.0" encoding="UTF-8"?>
<record
    xmlns:xsi="http://www.w3.org/2001/XMLSchema-instance"
    xsi:schemaLocation="http://www.loc.gov/MARC21/slim http://www.loc.gov/standards/marcxml/schema/MARC21slim.xsd"
    xmlns="http://www.loc.gov/MARC21/slim">

  <leader>01639nam a22003257ia4500</leader>
  <datafield tag="999" ind1=" " ind2=" ">
    <subfield code="c">176124</subfield>
    <subfield code="d">176124</subfield>
  </datafield>
  <controlfield tag="003">OSt</controlfield>
  <controlfield tag="005">20200121123320.0</controlfield>
  <controlfield tag="008">200121s2019    my ao  e      000 0 may d</controlfield>
  <datafield tag="020" ind1=" " ind2=" ">
    <subfield code="a">9789672322030</subfield>
    <subfield code="q">set</subfield>
  </datafield>
  <datafield tag="020" ind1=" " ind2=" ">
    <subfield code="a">9789672322061</subfield>
    <subfield code="c">RM33.00</subfield>
    <subfield code="q">paperback</subfield>
  </datafield>
  <datafield tag="040" ind1=" " ind2=" ">
    <subfield code="a">PPAK</subfield>
    <subfield code="b">eng</subfield>
    <subfield code="c">PPAK</subfield>
    <subfield code="e">rda</subfield>
  </datafield>
  <datafield tag="082" ind1="0" ind2="4">
    <subfield code="2">23</subfield>
    <subfield code="a">649.1</subfield>
  </datafield>
  <datafield tag="090" ind1="0" ind2="0">
    <subfield code="a">649.1</subfield>
    <subfield code="b">RIZ</subfield>
    <subfield code="d">G</subfield>
  </datafield>
  <datafield tag="100" ind1="0" ind2=" ">
    <subfield code="a">Rizalman Kusnan,</subfield>
    <subfield code="d">1972-</subfield>
    <subfield code="e">author.</subfield>
  </datafield>
  <datafield tag="245" ind1="1" ind2="0">
    <subfield code="a">Kenapa Adik BERMAIN? /</subfield>
    <subfield code="c">Rizalman Kusnan</subfield>
  </datafield>
  <datafield tag="264" ind1=" " ind2="1">
    <subfield code="a">Petaling Jaya, Selangor :</subfield>
    <subfield code="b">Hebat Publishing,</subfield>
    <subfield code="c">[2019?]</subfield>
  </datafield>
  <datafield tag="300" ind1=" " ind2=" ">
    <subfield code="a">40 pages :</subfield>
    <subfield code="b">colour photographs ;</subfield>
    <subfield code="c">21 cm</subfield>
  </datafield>
  <datafield tag="336" ind1=" " ind2=" ">
    <subfield code="2">rdacontent</subfield>
    <subfield code="a">text</subfield>
  </datafield>
  <datafield tag="337" ind1=" " ind2=" ">
    <subfield code="2">rdamedia</subfield>
    <subfield code="a">unmediated</subfield>
  </datafield>
  <datafield tag="338" ind1=" " ind2=" ">
    <subfield code="2">rdacarrier</subfield>
    <subfield code="a">volume</subfield>
  </datafield>
  <datafield tag="490" ind1="1" ind2=" ">
    <subfield code="a">Terapi Jiwa Kanak-kanak &amp; Remaja ;</subfield>
    <subfield code="v">(Jilid 2)</subfield>
  </datafield>
  <datafield tag="500" ind1=" " ind2=" ">
    <subfield code="a">Includes excercises</subfield>
  </datafield>
  <datafield tag="505" ind1=" " ind2=" ">
    <subfield code="t">Memahami bermain - 5</subfield>
    <subfield code="t">Keperluan bermain - 8</subfield>
    <subfield code="t">Perkembangan fizikil - 11</subfield>
    <subfield code="t">Perkembangan akal - 14</subfield>
    <subfield code="t">Perkembangan bahasa - 17</subfield>
    <subfield code="t">Perkembangan emosi - 20</subfield>
    <subfield code="t">Kemahiran bersosial - 23</subfield>
    <subfield code="t">Meningkatkan kreativiti - 26</subfield>
    <subfield code="t">Jenis permainan - 29</subfield>
    <subfield code="t">Peranan ibu bapa dan guru - 35</subfield>
    <subfield code="t">Glosari - 38</subfield>
    <subfield code="t">Latihan - 40</subfield>
  </datafield>
  <datafield tag="520" ind1=" " ind2=" ">
    <subfield code="a">Setiap daripada kita pasti pernah melalui dunia kanak-kanak dan alam remaja. Dunia yang penuh menyeronokkan namun memberi cabaran kepada ibu bapa dan guru dalam menangani karenah mereka. Justeru, Terapi Jiwa Kanak-kanak dan Remaja (Jilid 2) sebuah siri yang menarik untuk dibaca kerana berkaitan imu keibubapaan yand dapat membantu ibu bapa mengenali karakter anak-anak mereka.</subfield>
  </datafield>
  <datafield tag="650" ind1="1" ind2="0">
    <subfield code="a">Parenting </subfield>
  </datafield>
  <datafield tag="650" ind1="2" ind2="0">
    <subfield code="a">Child rearing </subfield>
  </datafield>
  <datafield tag="650" ind1="2" ind2="0">
    <subfield code="a">Child development</subfield>
  </datafield>
  <datafield tag="830" ind1=" " ind2="0">
    <subfield code="a">Terapi jiwa kanak-kanak &amp; remaja ;</subfield>
    <subfield code="n">(Jilid 2):</subfield>
  </datafield>
  <datafield tag="942" ind1=" " ind2=" ">
    <subfield code="2">ddc</subfield>
    <subfield code="c">B</subfield>
  </datafield>
  <datafield tag="952" ind1=" " ind2=" ">
    <subfield code="0">0</subfield>
    <subfield code="7">0</subfield>
    <subfield code="b">PPAK</subfield>
    <subfield code="c">G</subfield>
    <subfield code="d">2020-02-09</subfield>
    <subfield code="l">1</subfield>
    <subfield code="m">1</subfield>
    <subfield code="o">649.1 RIZ</subfield>
    <subfield code="p">A01631251</subfield>
    <subfield code="r">2022-01-16 00:00:00</subfield>
    <subfield code="s">2021-12-13</subfield>
    <subfield code="y">B</subfield>
  </datafield>
  <datafield tag="952" ind1=" " ind2=" ">
    <subfield code="0">0</subfield>
    <subfield code="7">0</subfield>
    <subfield code="b">SP</subfield>
    <subfield code="c">G</subfield>
    <subfield code="d">2020-02-09</subfield>
    <subfield code="l">2</subfield>
    <subfield code="m">4</subfield>
    <subfield code="o">649.1 RIZ</subfield>
    <subfield code="p">A01631252</subfield>
    <subfield code="r">2023-05-10 00:00:00</subfield>
    <subfield code="s">2022-01-09</subfield>
    <subfield code="y">B</subfield>
  </datafield>
  <datafield tag="952" ind1=" " ind2=" ">
    <subfield code="0">0</subfield>
    <subfield code="7">0</subfield>
    <subfield code="b">JT</subfield>
    <subfield code="c">G</subfield>
    <subfield code="d">2020-02-09</subfield>
    <subfield code="o">649.1 RIZ</subfield>
    <subfield code="p">A01631253</subfield>
    <subfield code="r">2020-02-09 00:00:00</subfield>
    <subfield code="y">B</subfield>
  </datafield>
  <datafield tag="952" ind1=" " ind2=" ">
    <subfield code="0">0</subfield>
    <subfield code="7">0</subfield>
    <subfield code="b">LW</subfield>
    <subfield code="c">G</subfield>
    <subfield code="d">2020-02-09</subfield>
    <subfield code="o">649.1 RIZ</subfield>
    <subfield code="p">A01631254</subfield>
    <subfield code="r">2020-02-09 00:00:00</subfield>
    <subfield code="y">B</subfield>
  </datafield>
  <datafield tag="952" ind1=" " ind2=" ">
    <subfield code="0">0</subfield>
    <subfield code="7">0</subfield>
    <subfield code="b">KM</subfield>
    <subfield code="c">G</subfield>
    <subfield code="d">2020-02-09</subfield>
    <subfield code="o">649.1 RIZ</subfield>
    <subfield code="p">A01631255</subfield>
    <subfield code="r">2020-02-09 00:00:00</subfield>
    <subfield code="y">B</subfield>
  </datafield>
  <datafield tag="952" ind1=" " ind2=" ">
    <subfield code="0">0</subfield>
    <subfield code="7">0</subfield>
    <subfield code="b">BL</subfield>
    <subfield code="c">G</subfield>
    <subfield code="d">2020-02-09</subfield>
    <subfield code="o">649.1 RIZ</subfield>
    <subfield code="p">A01631256</subfield>
    <subfield code="r">2020-02-09 00:00:00</subfield>
    <subfield code="y">B</subfield>
  </datafield>
  <datafield tag="952" ind1=" " ind2=" ">
    <subfield code="0">0</subfield>
    <subfield code="7">0</subfield>
    <subfield code="b">BB</subfield>
    <subfield code="c">G</subfield>
    <subfield code="d">2020-02-09</subfield>
    <subfield code="o">649.1 RIZ</subfield>
    <subfield code="p">A01631257</subfield>
    <subfield code="r">2020-02-09 00:00:00</subfield>
    <subfield code="y">B</subfield>
  </datafield>
  <datafield tag="952" ind1=" " ind2=" ">
    <subfield code="0">0</subfield>
    <subfield code="7">0</subfield>
    <subfield code="b">MR</subfield>
    <subfield code="c">G</subfield>
    <subfield code="d">2020-02-09</subfield>
    <subfield code="o">649.1 RIZ</subfield>
    <subfield code="p">A01631258</subfield>
    <subfield code="r">2020-02-09 00:00:00</subfield>
    <subfield code="y">B</subfield>
  </datafield>
  <datafield tag="952" ind1=" " ind2=" ">
    <subfield code="0">0</subfield>
    <subfield code="7">0</subfield>
    <subfield code="b">SK</subfield>
    <subfield code="c">G</subfield>
    <subfield code="d">2020-02-09</subfield>
    <subfield code="o">649.1 RIZ</subfield>
    <subfield code="p">A01631259</subfield>
    <subfield code="r">2020-02-09 00:00:00</subfield>
    <subfield code="y">B</subfield>
  </datafield>
  <datafield tag="952" ind1=" " ind2=" ">
    <subfield code="0">0</subfield>
    <subfield code="7">0</subfield>
    <subfield code="b">SK</subfield>
    <subfield code="c">G</subfield>
    <subfield code="d">2020-02-09</subfield>
    <subfield code="o">649.1 RIZ</subfield>
    <subfield code="p">A01631260</subfield>
    <subfield code="r">2020-02-09 00:00:00</subfield>
    <subfield code="y">B</subfield>
  </datafield>
  <datafield tag="952" ind1=" " ind2=" ">
    <subfield code="0">0</subfield>
    <subfield code="7">0</subfield>
    <subfield code="b">KN</subfield>
    <subfield code="c">G</subfield>
    <subfield code="d">2020-02-09</subfield>
    <subfield code="o">649.1 RIZ</subfield>
    <subfield code="p">A01631261</subfield>
    <subfield code="r">2020-02-09 00:00:00</subfield>
    <subfield code="y">B</subfield>
  </datafield>
  <datafield tag="952" ind1=" " ind2=" ">
    <subfield code="0">0</subfield>
    <subfield code="7">0</subfield>
    <subfield code="b">PG</subfield>
    <subfield code="c">G</subfield>
    <subfield code="d">2020-02-09</subfield>
    <subfield code="o">649.1 RIZ</subfield>
    <subfield code="p">A01631262</subfield>
    <subfield code="r">2020-02-09 00:00:00</subfield>
    <subfield code="y">B</subfield>
  </datafield>
</record>
